000 01051nam a22003377a 4500
001 BR2014007367
003 BR-BrBNA
005 20230928104533.0
007 ta
008 230509b bl.||||| |||| 00| 0 por d
040 _aBR-BrBNA
_bpor
_cBiblioteca Nacional de Agricultura
041 _a(Por)
072 _aC20; S40; E14
090 _ C20 BR2014007367
100 1 _aHamerschmidt, I. (org.)
100 1 _aOliveira, S. de (org.)
110 1 _aInstituto Paranaense de Assistência Técnica e Extensão Rural, Curitiba, PR (Brasil)
_96553
245 1 _aAlimentação saudável e sustentabilidade ambiental nas escolas do Paraná
250 1 _a1. ed.
260 3 _aCuritiba, PR (Brasil):
_c2014.
300 _a310 p.
500 _aIncludes several bibliographies; Summary (Por); 167 illus.; 3 graphs.; 15 tables
650 _aALIMENTAÇÃO
650 _aHORTA
650 _aCOMPOSTAGEM
650 _aCONSERVAÇÃO DO SOLO
650 _aCISTERNA
650 _aIRRIGAÇÃO
909 _a202309
_bLucia
_c55
_dLucia Elande
942 _cBK
999 _c80460
_d80460